Normal view
MARC view
Entry Personal Name
001 - CONTROL NUMBER
- control field: 188
003 - CONTROL NUMBER IDENTIFIER
- control field: PK-NaQUE
005 - DATE AND TIME OF LATEST TRANSACTION
- control field: 20260601113545.0
008 - FIXED-LENGTH DATA ELEMENTS
- fixed length control field: 260601|| aca||aabn | a|a d
040 ## - CATALOGING SOURCE
- Original cataloging agency: PK-NaQUE
- Transcribing agency: PK-NaQUE
100 ## - HEADING--PERSONAL NAME
- Personal name: Bird, B. M
670 ## - SOURCE DATA FOUND
- Source citation: Work cat.: (PK-NaQUE)275: Bird, B. M., An Introduction to Power Electronics /, 1983.